000 00453nam a2200217Ia 4500
003 IT-RoPAU
008 120407s9999 xx 000 0 und d
040 _aIT-RoPAU
040 _cIT-RoPAU
041 _aita
100 _aAntonino Poppi
245 _aLa Morale di situazione
250 _aRoma
260 _aMiscellanea Francescana
260 _c1957
300 _a130 p.
300 _c24 cm
490 _v1
942 _cBK
999 _c25155
_d25155